Les dificultats de l'aprenentatge de l'escriptura i de les matema tiques /
Guardado en:
| Otros Autores: | |
|---|---|
| Formato: | eBook |
| Idioma: | Spanish |
| Publicado: |
Barcelona :
Editorial UOC,
2013.
|
| Materias: | |
| Acceso en línea: | https://elibro.net/ereader/unsbiblio/56708 |
| Etiquetas: |
Agregar Etiqueta
Sin Etiquetas, Sea el primero en etiquetar este registro!
|
| LEADER | 01419nam a2200397 i 4500 | ||
|---|---|---|---|
| 001 | elibro.ELB56708 | ||
| 003 | FlNmELB | ||
| 006 | m o d | | ||
| 007 | cr cnu|||||||| | ||
| 008 | 131024s2013 sp o 001 0 spa d | ||
| 020 | |z 9788490299081 | ||
| 020 | |a 9788490298206 (e book) | ||
| 035 | |a (MiAaPQ)EBC3214103 | ||
| 035 | |a (Au-PeEL)EBL3214103 | ||
| 035 | |a (CaPaEBR)ebr10741453 | ||
| 035 | |a (OCoLC)1105903775 | ||
| 040 | |a FINmELB |b spa |e rda |c FINmELB | ||
| 050 | 4 | |a P211 |b D569 2013 | |
| 080 | |a 003 | ||
| 082 | 0 | |a 411 |2 23 | |
| 245 | 0 | 4 | |a Les dificultats de l'aprenentatge de l'escriptura i de les matema tiques / |c Llorenç Andreu i Barrachina [y otros 3]. |
| 264 | 1 | |a Barcelona : |b Editorial UOC, |c 2013. | |
| 300 | |a 1 recurso en línea | ||
| 336 | |a texto |b txt |2 rdacontent/spa | ||
| 337 | |a computadora |b c |2 rdamedia/spa | ||
| 338 | |a recurso en línea |b cr |2 rdacarrier/spa | ||
| 500 | |a Contiene índice. | ||
| 590 | |a Recurso electrónico. Santa Fe, Arg.: e-libro, 2015. Disponible vía World Wide Web. El acceso puede estar limitado para las bibliotecas afiliadas a e-libro. | ||
| 650 | 0 | |a Writing. | |
| 650 | 0 | |a Mathematics |x Study and teaching (Elementary) | |
| 650 | 4 | |a Escritura. | |
| 650 | 4 | |a Matemática. | |
| 655 | 4 | |a Libros electrónicos. | |
| 700 | 1 | |a Andreu i Barrachina, Llorenç , |e coordinador. | |
| 797 | 2 | |a e-libro, Corp. | |
| 856 | 4 | 0 | |u https://elibro.net/ereader/unsbiblio/56708 |
